00334nam a22001217a 450000500170000002000230001703500130004003700130005310000230006624500620008926000420015130000190019320120227122334.0 a8170003741c800.00 aB-264219 aDPLbENG aDhiman, Anil Kumar aCataloguing of non book materials /cby Anil Kumar Dhiman aNew DelhibEss Ess Publicationsc2004 a377p.c20 cms.